000 00370 a2200157 4500
001 63946
020 _a8531601428
040 _cAnchieta - Pituba
100 _aBarthes, Roland
240 1 0 _aElementos de semiologia
_lpor
245 1 0 _aElementos de semiologia
300 _a116
362 0 _a2001
650 4 _aOutros : Estruturalismo, Pós-modernismo
942 _cBK
999 _c63946
_d63946